000 01032nam a22002417a 4500
005 20260312163036.0
008 220608b ||||| |||| 00| 0 eng d
040 _cAloy
041 _aTulu
082 _223
_aT894.3
_bKARM
100 _aKarnataka Tulu Sahitya Akademi:
_9258685
100 _9181509
_B ಕರ್ನಾಟಕ ತುಳು ಸಾಹಿತ್ಯ ಅಕಾಡೆಮಿ
245 _aMage baravu kalte:
_b ಮಗೆ ಬರವು ಕಲ್ತೆ
260 _aMangaluru:
_bKarnataka Tulu Sahitya Akademi,
_c1998
300 _a32p.
_bPB
_c24x18cm.
365 _2Tulu
440 _aTULU SHORT STORIES FOR CHILDREN ಜೋಕ್ಲೆಗಾದ್ ತುಳುಕತೆಕುಲು;8
_941197
650 _aTulu Fiction
_941182
650 _aTulu Literature
_941183
700 _aKARNATAKA TULU SAHITYA AKADEMI: ಕರ್ನಾಟಕ ತುಳು ಸಾಹಿತ್ಯ ಅಕಾಡೆಮಿ
_941184
700 _aBHAT (Kanaradi Vadiraja): ಭಟ್ (ಕನರಾಡಿ ವಾದಿರಾಜ)
_941186
942 _2ddc
_cGF
999 _c223408
_d223408